000 00393nam a2200169Ia 4500
005 20240823010831.0
008 240823s9999||||xx |||||||||||||| ||und||
082 _A658.15 P0
100 _aVishwanath S R
245 0 _aCorporate FInance
250 _a1st
260 _c2000
_b"RB,New Delhi"
500 _aYES
650 _aManagement
_bManagement Studies
942 _cBK
999 _c159784
_d159784